Statistics for WWI Participants

Click here to take the quiz!

General Stats

  • This quiz has been taken 1,673 times
    (741 since last reset)
  • The average score is 24 of 40

Answer Stats

HintAnswer% Correct
AlliedBritain
98%
CentralGermany
98%
AlliedUnited States
97%
CentralAustria-Hungary
96%
AlliedRussia
95%
AlliedFrance
94%
CentralOttoman Empire
94%
AlliedJapan
93%
AlliedAustralia
92%
AlliedCanada
91%
AlliedItaly
91%
CentralBulgaria
90%
AlliedBelgium
86%
AlliedNew Zealand
86%
AlliedSerbia
83%
AlliedChina
81%
AlliedGreece
81%
AlliedRomania
78%
AlliedPortugal
77%
AlliedIndia
74%
AlliedSouth Africa
73%
AlliedBrazil
68%
AlliedMontenegro
65%
AlliedSiam
44%
AlliedCuba
34%
AlliedPanama
32%
AlliedHonduras
29%
AlliedNicaragua
29%
AlliedGuatemala
28%
AlliedPeru
28%
AlliedAndorra
27%
AlliedCosta Rica
27%
AlliedEl Salvador
25%
AlliedHaiti
25%
AlliedUruguay
24%
AlliedSan Marino
23%
AlliedBolivia
22%
AlliedEcuador
21%
AlliedNepal
19%
AlliedKenya
14%

Score Distribution

Percentile by Number Answered

Percent of People with Each Score

Your Score History

You have not taken this quiz since the last reset